000 00232nam a2200085Ia 4500
008 170620s9999 xx 000 0 und d
100 _aKusuma- A.
245 0 _aChild Rearing Practices in Tribal
260 _bNew Delhi- Discovery Publishing House
260 _c2004
999 _c24305
_d24305